Nhà cải cách đầu tiên

Gespeichert in:
Bibliographische Detailangaben
Format: Buch
Sprache:Undetermined
Schlagworte:
Tags: Tag hinzufügen
Keine Tags, Fügen Sie den ersten Tag hinzu!
Thư viện lưu trữ: Trung tâm Học liệu Trường Đại học Cần Thơ
LEADER 00364nam a2200133Ia 4500
001 CTU_102279
008 210402s9999 xx 000 0 und d
082 |a 959.7092 
082 |b Nh100 
245 0 |a Nhà cải cách đầu tiên 
650 |a Vietnam 
650 |x History,Biography 
904 |i M.Loan 
980 |a Trung tâm Học liệu Trường Đại học Cần Thơ